LEADER 00985nam 2200373 450 001 9910136181403321 005 20221011180941.0 010 $a953-51-6294-2 010 $a953-51-0941-3 035 $a(CKB)3780000000053706 035 $a(NjHacI)993780000000053706 035 $a(EXLCZ)993780000000053706 100 $a20221011d2013 uy 0 101 0 $aeng 135 $aur||||||||||| 181 $ctxt$2rdacontent 182 $cc$2rdamedia 183 $acr$2rdacarrier 200 00$aPolymer Science /$fedited by Faris Y?lmaz 210 1$aRijeka :$cInTech,$d2013. 210 4$d©2013 215 $a1 online resource (vi, 246 pages) $cillustrations 606 $aPolymerization 606 $aPolymers 615 0$aPolymerization. 615 0$aPolymers. 676 $a668.9 702 $aYilmaz$b Faris$f1969- 801 0$bNjHacI 801 1$bNjHacl 906 $aBOOK 912 $a9910136181403321 996 $aPolymer science$9122018 997 $aUNINA LEADER 01571nas 2200541- 450 001 996321367903316 005 20240412213016.0 011 $a2305-6290 035 $a(DE-599)ZDB2908937-2 035 $a(OCoLC)1061295816 035 $a(CKB)3710000000939562 035 $a(CONSER)--2023242877 035 $a(EXLCZ)993710000000939562 100 $a20180310a20179999 s-- - 101 0 $aeng 135 $aur||||||||||| 181 $ctxt$2rdacontent 182 $cc$2rdamedia 183 $acr$2rdacarrier 200 10$aLogistics 210 1$aBasel, Switzerland :$cMDPI,$d2017- 215 $a1 online resource (volumes) 606 $aBusiness logistics$vPeriodicals 606 $aEconomics$vPeriodicals 606 $aManagement$vPeriodicals 606 $aLogistique (Organisation)$vPériodiques 606 $aÉconomie politique$vPériodiques 606 $aGestion$vPériodiques 606 $aBusiness logistics$2fast$3(OCoLC)fst00842759 606 $aEconomics$2fast$3(OCoLC)fst00902116 606 $aManagement$2fast$3(OCoLC)fst01007141 608 $aPeriodicals.$2fast 608 $aZeitschrift.$2gnd-content 608 $aPeriodicals.$2lcgft 615 0$aBusiness logistics 615 0$aEconomics 615 0$aManagement 615 6$aLogistique (Organisation) 615 6$aÉconomie politique 615 6$aGestion 615 7$aBusiness logistics. 615 7$aEconomics. 615 7$aManagement. 676 $a380 906 $aJOURNAL 912 $a996321367903316 996 $aLogistics$9343681 997 $aUNISA